000
00335 a2200109 4500
001
ART_41236
005
20260410161647.0
008
260409a
245
1
0
_a
Retenciones ingresadas por facturas apócrifas
100
1
_a
Caranta, Martín R.
773
0
_t
Consultor tributario
_g
- Año 11, Nº 120 (feb. 2017)
_w
REV474
999
_c
13859
_d
13859